[Event "V Torneo Leonardo di Bona Internazionale"]
[Site "Cutro ITA"]
[Date "1999.04.30"]
[Round "9"]
[White "Romanishin, Oleg M."]
[Black "Borgo, Giulio"]
[Result "1-0"]
[WhiteElo "2572"]
[BlackElo "2448"]
[PlyCount "98"]
[EventDate "1999.04.23"]

1. Nf3 c5 2. g3 Nc6 3. Bg2 g6 4. c3 Bg7 5. d4 cxd4 6. cxd4 d5 7. Nc3 e6 8. O-O
Nge7 9. b3 Nf5 10. e3 O-O 11. Ba3 Re8 12. Rc1 Qa5 13. Na4 Bd7 14. Bb2 b6 15.
Re1 Qa6 16. Nc3 Rac8 17. Bf1 Qb7 18. Ba3 a6 19. Qd2 Red8 20. Red1 Be8 21. Qe2
Ra8 22. Qe1 Nd6 23. Bg2 Nb5 24. Bb2 Nxc3 25. Bxc3 Rac8 26. Rd2 Bf8 27. Rdc2 a5
28. Bf1 Rc7 29. Bb2 Rdc8 30. Qd1 Nb4 31. Rxc7 Rxc7 32. a3 Rxc1 33. Qxc1 Nc6 34.
Bb5 Bd7 35. a4 Bd6 36. h4 h5 37. Kg2 Na7 38. Be2 b5 39. axb5 Bxb5 40. Bxb5 Qxb5
41. Ba3 Bb8 42. Qc3 Nc6 43. Ne1 Nb4 44. Qc8+ Kg7 45. Qd8 Qe2 46. Bxb4 axb4 47.
Nf3 Qb5 48. Qe7 Qb6 49. Ng5 Qa7 1-0

[Event "V Torneo Leonardo di Bona Internazionale"]
[Site "Cutro ITA"]
[Date "1999.05.01"]
[Round "10"]
[White "Abatino, Maurizio"]
[Black "Chatalbashev, Boris"]
[Result "0-1"]
[WhiteElo "2275"]
[BlackElo "2524"]
[PlyCount "48"]
[EventDate "1999.04.23"]

1. d4 g6 2. c4 Bg7 3. Nc3 c5 4. d5 Bxc3+ 5. bxc3 f5 6. e4 fxe4 7. Qc2 Nf6 8. f3
Qa5 9. fxe4 d6 10. Nf3 Nbd7 11. Be2 Nxe4 12. Bd3 Ndf6 13. Bb2 Bf5 14. O-O O-O
15. Rae1 e5 16. g4 Bxg4 17. Bxe4 Nxe4 18. Qxe4 Rf4 19. Qe3 Qxa2 20. Bc1 Bh3 21.
Re2 Qxc4 22. Rff2 Raf8 23. Nd2 Rxf2 24. Rxf2 Qg4+ 0-1

[Event "V Torneo Leonardo di Bona Internazionale"]
[Site "Cutro ITA"]
[Date "1999.05.01"]
[Round "10"]
[White "Djuric, Stefan"]
[Black "Georgiev, Krum I."]
[Result "0-1"]
[WhiteElo "2517"]
[BlackElo "2490"]
[PlyCount "76"]
[EventDate "1999.04.23"]

1. d4 Nf6 2. Nf3 g6 3. g3 Bg7 4. Bg2 O-O 5. O-O c6 6. c4 d6 7. Nc3 a6 8. e4
Nfd7 9. Bg5 b5 10. c5 dxc5 11. dxc5 a5 12. Qd2 Na6 13. Rfd1 Naxc5 14. Bh6 b4
15. Bxg7 Kxg7 16. Ne2 Nxe4 17. Qe3 Nef6 18. Nf4 Qb6 19. Qxe7 Re8 20. Qd6 c5 21.
Ne5 Rxe5 22. Qxb6 Nxb6 23. Bxa8 Nxa8 24. Rac1 Ba6 25. Nd3 Bxd3 26. Rxd3 Nc7 27.
f4 Rf5 28. Rd6 Ne4 29. Rd7 Nb5 30. Re1 Ned6 31. Rd1 Nc4 32. b3 Nb6 33. Rb7 Rf6
34. Rd8 Nc3 35. Ra7 a4 36. bxa4 Ncxa4 37. Rc7 Re6 38. Rb8 Nd5 0-1

[Event "V Torneo Leonardo di Bona Internazionale"]
[Site "Cutro ITA"]
[Date "1999.05.01"]
[Round "10"]
[White "Efimov, Igor"]
[Black "Pegorari, Pietro"]
[Result "1-0"]
[WhiteElo "2494"]
[BlackElo "2385"]
[PlyCount "79"]
[EventDate "1999.04.23"]

1. e4 e5 2. Nf3 Nc6 3. Bb5 a6 4. Bxc6 dxc6 5. O-O Bg4 6. h3 h5 7. d3 Qf6 8.
Nbd2 Bd6 9. Nc4 Bxf3 10. Qxf3 Qxf3 11. gxf3 Ne7 12. f4 exf4 13. e5 Bc5 14. Bxf4
b5 15. Nd2 Ng6 16. Bh2 O-O-O 17. Rfe1 Rhe8 18. Nf3 a5 19. Rad1 f6 20. d4 Be7
21. c3 c5 22. exf6 gxf6 23. dxc5 Rxd1 24. Rxd1 Rd8 25. Rxd8+ Kxd8 26. Nd4 Ne5
27. Bxe5 fxe5 28. Nc6+ Kd7 29. Nxe5+ Ke6 30. Nc6 Bxc5 31. Nxa5 Kd5 32. Kf1 b4
33. cxb4 Bxb4 34. Nb3 Bd6 35. Ke2 Be5 36. Nc1 Bxb2 37. Nd3 Bd4 38. Nf4+ Ke4 39.
Nxh5 Kf5 40. Ng3+ 1-0

[Event "V Torneo Leonardo di Bona Internazionale"]
[Site "Cutro ITA"]
[Date "1999.05.01"]
[Round "10"]
[White "Epishin, Vladimir V."]
[Black "Krasenkow, Michal"]
[Result "1/2-1/2"]
[WhiteElo "2578"]
[BlackElo "2643"]
[PlyCount "53"]
[EventDate "1999.04.23"]

1. d4 Nf6 2. c4 g6 3. Nc3 d5 4. Nf3 Bg7 5. Qb3 dxc4 6. Qxc4 O-O 7. e4 Bg4 8.
Be3 Nfd7 9. Qb3 c5 10. d5 Na6 11. Be2 Rb8 12. O-O b5 13. Qd1 Nc7 14. Rc1 a6 15.
b3 Ne8 16. Qd2 Nd6 17. e5 Nf5 18. e6 Bxf3 19. exf7+ Rxf7 20. Bxf3 Nxe3 21. fxe3
Ne5 22. Ne4 c4 23. h3 Qb6 24. Kh1 Bh6 25. d6 Qxe3 26. Qd5 Nxf3 27. Rcd1 1/2-1/2

[Event "V Torneo Leonardo di Bona Internazionale"]
[Site "Cutro ITA"]
[Date "1999.05.01"]
[Round "10"]
[White "Skembris, Spyridon"]
[Black "Borgo, Giulio"]
[Result "1/2-1/2"]
[WhiteElo "2445"]
[BlackElo "2448"]
[PlyCount "25"]
[EventDate "1999.04.23"]

1. d4 d5 2. c4 e6 3. Nf3 Nf6 4. Nc3 c6 5. e3 a6 6. a4 Nbd7 7. Bd3 Bd6 8. O-O
O-O 9. Qe2 dxc4 10. Bxc4 e5 11. h3 Qe7 12. e4 exd4 13. Nxd4 1/2-1/2

[Event "V Torneo Leonardo di Bona Internazionale"]
[Site "Cutro ITA"]
[Date "1999.05.01"]
[Round "10"]
[White "Zontakh, Andrey"]
[Black "Romanishin, Oleg M."]
[Result "1/2-1/2"]
[WhiteElo "2530"]
[BlackElo "2572"]
[PlyCount "48"]
[EventDate "1999.04.23"]

1. e4 c5 2. Nf3 e6 3. d4 cxd4 4. Nxd4 a6 5. Nc3 Nc6 6. Be2 Nge7 7. O-O Nxd4 8.
Qxd4 Nc6 9. Qd3 Qc7 10. Bg5 Bd6 11. Qh3 b5 12. Rad1 Be7 13. Bxe7 Nxe7 14. Bd3
Bb7 15. f4 b4 16. Ne2 O-O 17. e5 g6 18. Ng3 f5 19. exf6 Rxf6 20. Ne4 Bxe4 21.
Bxe4 Raf8 22. g3 d5 23. Bd3 e5 24. fxe5 Qxe5 1/2-1/2

[Event "V Torneo Leonardo di Bona Internazionale"]
[Site "Cutro ITA"]
[Date "1999.05.02"]
[Round "11"]
[White "Borgo, Giulio"]
[Black "Zontakh, Andrey"]
[Result "0-1"]
[WhiteElo "2448"]
[BlackElo "2530"]
[PlyCount "80"]
[EventDate "1999.04.23"]

1. e4 c6 2. d4 d5 3. Nd2 dxe4 4. Nxe4 Bf5 5. Ng3 Bg6 6. h4 h6 7. Nh3 Nf6 8. Nf4
Bh7 9. Bc4 e6 10. Qe2 Bd6 11. Ngh5 Nxh5 12. Nxh5 Rg8 13. Be3 Nd7 14. O-O-O Qc7
15. Qf3 Nb6 16. Bd3 Bxd3 17. Rxd3 O-O-O 18. Bf4 Nd5 19. Bxd6 Rxd6 20. a3 Rd7
21. Re1 g6 22. Nf6 Nxf6 23. Qxf6 Rgd8 24. Rf3 h5 25. g3 Qa5 26. c3 Qc7 27. Re5
b6 28. Kb1 Kb7 29. Ka2 a5 30. Qg5 a4 31. Rf6 Rd5 32. Qf4 R8d7 33. f3 Rxe5 34.
dxe5 b5 35. g4 Ka6 36. gxh5 gxh5 37. Rh6 Rd1 38. Qe4 Kb7 39. Rxh5 Qb6 40. Rh7
Qg1 0-1

[Event "V Torneo Leonardo di Bona Internazionale"]
[Site "Cutro ITA"]
[Date "1999.05.02"]
[Round "11"]
[White "Chatalbashev, Boris"]
[Black "Efimov, Igor"]
[Result "1-0"]
[WhiteElo "2524"]
[BlackElo "2494"]
[PlyCount "77"]
[EventDate "1999.04.23"]

1. d4 e6 2. c4 b6 3. e4 Bb7 4. Bd3 Nc6 5. Ne2 g6 6. Nbc3 Bg7 7. Be3 Nh6 8. Qd2
Ng4 9. Bg5 f6 10. Bh4 Nh6 11. O-O e5 12. d5 Nb4 13. Bb1 Nf7 14. a3 Na6 15. b4
c5 16. Nb5 Nc7 17. bxc5 bxc5 18. Bd3 Nxb5 19. cxb5 O-O 20. Rab1 Bh6 21. Qc3 Rc8
22. f4 c4 23. Bc2 Qe7 24. Rf3 Qd6 25. f5 Ng5 26. Rff1 a6 27. b6 Kh8 28. Bg3 Nf7
29. Kh1 Rg8 30. fxg6 hxg6 31. Rf3 Bg7 32. Rbf1 Rgf8 33. Bh4 f5 34. exf5 Bxd5
35. Rh3 Kg8 36. f6 Bh6 37. Bxg6 Ng5 38. Bxg5 Bxg5 39. Rh8+ 1-0

[Event "V Torneo Leonardo di Bona Internazionale"]
[Site "Cutro ITA"]
[Date "1999.05.02"]
[Round "11"]
[White "Georgiev, Krum I."]
[Black "Skembris, Spyridon"]
[Result "1/2-1/2"]
[WhiteElo "2490"]
[BlackElo "2445"]
[PlyCount "26"]
[EventDate "1999.04.23"]

1. e4 e5 2. Nf3 Nc6 3. Bb5 a6 4. Ba4 Nf6 5. O-O Be7 6. Re1 b5 7. Bb3 d6 8. c3
O-O 9. h3 Nb8 10. d4 Nbd7 11. c4 Bb7 12. Nc3 bxc4 13. Bxc4 Nb6 1/2-1/2

[Event "V Torneo Leonardo di Bona Internazionale"]
[Site "Cutro ITA"]
[Date "1999.05.02"]
[Round "11"]
[White "Pegorari, Pietro"]
[Black "Epishin, Vladimir V."]
[Result "0-1"]
[WhiteElo "2385"]
[BlackElo "2578"]
[PlyCount "58"]
[EventDate "1999.04.23"]

1. Nf3 g6 2. c4 Bg7 3. Nc3 c5 4. g3 b6 5. Bg2 Bb7 6. O-O Nf6 7. d3 O-O 8. Rb1
d5 9. Ne1 Qd7 10. cxd5 Nxd5 11. Nxd5 Bxd5 12. b3 Bxg2 13. Nxg2 Nc6 14. Bb2 e5
15. Rc1 Rad8 16. Ne3 Rfe8 17. a3 Qe6 18. Rc4 Na5 19. Ra4 Nxb3 20. Rxa7 e4 21.
Bxg7 Kxg7 22. Qb1 exd3 23. exd3 Nd4 24. Qd1 Qc6 25. Ng2 c4 26. Qb1 c3 27. Qa2
Rd7 28. Rxd7 Qxd7 29. Qc4 c2 0-1

[Event "V Torneo Leonardo di Bona Internazionale"]
[Site "Cutro ITA"]
[Date "1999.05.02"]
[Round "11"]
[White "Romanishin, Oleg M."]
[Black "Abatino, Maurizio"]
[Result "1-0"]
[WhiteElo "2572"]
[BlackElo "2275"]
[PlyCount "81"]
[EventDate "1999.04.23"]

1. d4 Nf6 2. Nf3 e6 3. g3 b6 4. Bg2 Bb7 5. c4 Be7 6. Nc3 d5 7. cxd5 exd5 8. O-O
O-O 9. Ne5 Na6 10. Bf4 c5 11. dxc5 Nxc5 12. Rc1 Rc8 13. Nd3 Ne6 14. Be5 Qd7 15.
Qb3 Rfd8 16. Rfd1 Bc6 17. Nb4 Bxb4 18. Qxb4 Ne8 19. Bd4 Qb7 20. b3 Nd6 21. Bh3
Qd7 22. Be5 Ne8 23. e4 Qb7 24. Nxd5 Bxd5 25. Rxc8 Qxc8 26. exd5 Qc2 27. Bg4 Nc5
28. Qd4 a5 29. Rd2 Qb1+ 30. Kg2 Qg6 31. Bf3 f6 32. Bf4 Kh8 33. Qe3 Qf7 34. h4
Qd7 35. Re2 Nc7 36. Qe7 Nb5 37. Qxd7 Nxd7 38. Re7 Nc5 39. h5 Kg8 40. h6 g5 41.
Be3 1-0

[Event "XIX Mitropa Cup"]
[Site "Baden SUI"]
[Date "1999.04.01"]
[Round "1.1"]
[White "Borgo, Giulio"]
[Black "Stohl, Igor"]
[Result "1/2-1/2"]
[WhiteElo "2448"]
[BlackElo "2573"]
[Annotator "ITA-SVK"]
[PlyCount "47"]
[EventDate "1999.04.01"]

1.e4 c5 2.Nf3 d6 3.d4 cxd4 4.Nxd4 Nf6 5.f3 Nc6 6.c4 Qb6 7.Nc2 g6 8.Nc3 Bg7
9.Rb1 Ng4 10.Qd2 Bh6 11.Qe2 Bxc1 12.Nd5 Qd8 13.Rxc1 Nge5 14.Qe3 f5 15.exf5
Bxf5 16.Nd4 e6 17.Nxc6 bxc6 18.Nc3 Qb6 19.c5 Qxb2 20.Be2 Nd3+ 21.Bxd3 Bxd3
22.Qxe6+ Kf8 23.Qf6+ Kg8 24.Qe6+ 1/2-1/2

[Event "XIX Mitropa Cup"]
[Site "Baden SUI"]
[Date "1999.04.01"]
[Round "1.2"]
[White "Manik, Mikulas"]
[Black "Arlandi, Ennio"]
[Result "1-0"]
[WhiteElo "2478"]
[BlackElo "2445"]
[Annotator "ITA-SVK"]
[PlyCount "67"]
[EventDate "1999.04.01"]

1.e4 c5 2.Nf3 e6 3.d4 cxd4 4.Nxd4 Nf6 5.Nc3 d6 6.g4 h6 7.h4 Be7 8.Rg1 d5 
9.exd5 Nxd5 10.Nxd5 Qxd5 11.Be3 Nc6 12.Bg2 Qa5+ 13.c3 Bd7 14.Qb3 Nxd4 15.
Bxd4 O-O 16.Qxb7 Rfd8 17.a4 Bxh4 18.Qb4 Qxb4 19.cxb4 Rac8 20.Bxa7 Bf6 21.
b5 Bxb2 22.Rd1 e5 23.Bb7 Rc2 24.Rg3 Bd4 25.Bxd4 exd4 26.Rxd4 Re8+ 27.Re3 
Be6 28.a5 Rb8 29.a6 Ra2 30.b6 g6 31.Ree4 Ra1+ 32.Ke2 Bb3 33.Rd7 Ra2+ 34.
Ke3 1-0

[Event "XIX Mitropa Cup"]
[Site "Baden SUI"]
[Date "1999.04.01"]
[Round "1.3"]
[White "D'Amore, Carlo"]
[Black "Balogh, Tomas"]
[Result "0-1"]
[WhiteElo "2460"]
[BlackElo "2435"]
[Annotator "ITA-SVK"]
[PlyCount "70"]
[EventDate "1999.04.01"]

1.Nf3 Nf6 2.g3 g6 3.b3 Bg7 4.Bb2 O-O 5.Bg2 c5 6.c4 Nc6 7.O-O d6 8.d4 cxd4 
9.Nxd4 Bd7 10.Nc3 Qc8 11.Rc1 Nxd4 12.Qxd4 Bc6 13.Nd5 Qd7 14.Rfd1 Bxd5 15.
Bxd5 Nh5 16.Qd2 Bxb2 17.Qxb2 Nf6 18.Bf3 Qc7 19.h4 Rad8 20.Kg2 h5 21.Qd4 b6
22.Qe3 Kg7 23.b4 Rd7 24.Qg5 Rc8 25.g4 Rh8 26.gxh5 Nxh5 27.Bxh5 Rxh5 28.Qg3
Qc6+ 29.Kg1 Qe4 30.Qc3+ e5 31.Qf3 Qxh4 32.Rc3 Rd8 33.Qg2 Rg5 34.Rg3 Rxg3 
35.Qxg3 Qxc4 0-1

[Event "XIX Mitropa Cup"]
[Site "Baden SUI"]
[Date "1999.04.01"]
[Round "1.4"]
[White "Vavrak, Peter"]
[Black "Bellini, Fabio"]
[Result "0-1"]
[WhiteElo "2233"]
[BlackElo "2418"]
[Annotator "ITA-SVK"]
[PlyCount "46"]
[EventDate "1999.04.01"]

1.d4 d5 2.Nf3 Nf6 3.c4 e6 4.e3 Be7 5.Bd3 O-O 6.Nbd2 b6 7.O-O Bb7 8.b3 Nbd7
9.Bb2 Ne4 10.Qe2 a5 11.Bc2 f5 12.Nxe4 dxe4 13.Nd2 Qe8 14.a3 Bd6 15.f4 exf3
16.Nxf3 Qh5 17.Rae1 Nf6 18.c5 bxc5 19.dxc5 Bxc5 20.Qc4 Bd6 21.Qxe6+ Kh8 
22.Ne5 Rae8 23.Qxf5 Bxe5 0-1

[Event "XIX Mitropa Cup"]
[Site "Baden SUI"]
[Date "1999.04.02"]
[Round "2.1"]
[White "Bergez, Luc"]
[Black "Borgo, Giulio"]
[Result "1/2-1/2"]
[WhiteElo "2378"]
[BlackElo "2448"]
[Annotator "ITA-FRA"]
[PlyCount "116"]
[EventDate "1999.04.01"]

1.e4 c5 2.Nf3 e6 3.c3 Nf6 4.e5 Nd5 5.d4 cxd4 6.cxd4 d6 7.a3 Bd7 8.Bd3 Bc6 
9.O-O Nd7 10.Nbd2 dxe5 11.dxe5 Nc5 12.Bc2 Nf4 13.Nc4 Qxd1 14.Rxd1 Ne2+ 15.
Kh1 Bd5 16.Ncd2 a5 17.b3 Rc8 18.b4 Nd7 19.Bb3 Nc3 20.Re1 axb4 21.axb4 Bxb4
22.Bxd5 Nxd5 23.Ba3 Bxa3 24.Rxa3 Ke7 25.g3 Nc5 26.Kg2 Ra8 27.Rea1 Nc7 28.
Nd4 Rxa3 29.Rxa3 Ra8 30.Rc3 N7a6 31.Nc4 Nd7 32.Nd6 Nac5 33.f4 f6 34.Rc2 
Ra4 35.N4b5 Rb4 36.exf6+ gxf6 37.Ra2 Ne4 38.Nxe4 Rxb5 39.g4 f5 40.gxf5 
Rxf5 41.Kg3 Nf6 42.Nxf6 Kxf6 43.Ra8 Ke7 44.Rb8 Rb5 45.Rh8 h5 46.Kf3 Kd6 
47.h4 Rd5 48.Ke4 b5 49.Rd8+ Kc6 50.Re8 Kd7 51.Rb8 Kc7 52.Re8 Kd7 53.Rh8 
Rc5 54.Kd4 Rc4+ 55.Ke5 Rc5+ 56.Kd4 Rd5+ 57.Ke4 Kc7 58.Re8 Kd7 1/2-1/2

[Event "XIX Mitropa Cup"]
[Site "Baden SUI"]
[Date "1999.04.02"]
[Round "2.2"]
[White "Arlandi, Ennio"]
[Black "Olivier, Jean-Christophe"]
[Result "1/2-1/2"]
[WhiteElo "2445"]
[BlackElo "2421"]
[Annotator "ITA-FRA"]
[PlyCount "82"]
[EventDate "1999.04.01"]

1.d4 Nf6 2.c4 e6 3.Nc3 Bb4 4.Qc2 d5 5.cxd5 exd5 6.Bg5 h6 7.Bxf6 Qxf6 8.a3 
Bxc3+ 9.Qxc3 O-O 10.e3 c6 11.Nf3 Bf5 12.Be2 Nd7 13.b4 a6 14.O-O Bg4 15.
Rfc1 Qe6 16.a4 Nf6 17.Qb2 Ne4 18.b5 axb5 19.axb5 cxb5 20.Qxb5 Nc3 21.Qb2 
Nxe2+ 22.Qxe2 Rxa1 23.Rxa1 Rc8 24.h3 Bxf3 25.Qxf3 b5 26.Rb1 b4 27.Qd1 Rc4 
28.Qa4 Qf5 29.Rb2 h5 30.Kh2 h4 31.Rxb4 Rc2 32.Qe8+ Kh7 33.Qe5 Rxf2 34.
Qxf5+ Rxf5 35.Rb6 g5 36.Rd6 Kg7 37.g4 Rf2+ 38.Kg1 Rf3 39.Rxd5 f6 40.Kg2 
Rxe3 41.Rf5 Rg3+ 1/2-1/2

[Event "XIX Mitropa Cup"]
[Site "Baden SUI"]
[Date "1999.04.02"]
[Round "2.3"]
[White "Boyd, Stephen"]
[Black "Bellini, Fabio"]
[Result "0-1"]
[WhiteElo "2370"]
[BlackElo "2418"]
[Annotator "ITA-FRA"]
[PlyCount "60"]
[EventDate "1999.04.01"]

1.g3 d5 2.Bg2 Nf6 3.d3 g6 4.Nf3 Bg7 5.O-O O-O 6.Nbd2 Nc6 7.e4 e5 8.c3 a5 
9.a4 Re8 10.Re1 h6 11.exd5 Nxd5 12.Nc4 Bf5 13.Ra3 Qd7 14.Rb3 b6 15.Rb5 Be6
16.Nfxe5 Nxe5 17.Nxe5 Bxe5 18.Rxe5 c6 19.Rbxd5 Bxd5 20.Rxd5 cxd5 21.Bxh6 
b5 22.h4 bxa4 23.h5 Rab8 24.Qd2 Qe6 25.Qg5 Rxb2 26.hxg6 Qxg6 27.Qxg6+ fxg6
28.Bxd5+ Kh7 29.Be3 a3 30.Bc5 a2 0-1

[Event "XIX Mitropa Cup"]
[Site "Baden SUI"]
[Date "1999.04.02"]
[Round "2.4"]
[White "Genocchio, Daniele"]
[Black "Benitah, Yohan"]
[Result "0-1"]
[WhiteElo "2247"]
[BlackElo "2341"]
[Annotator "ITA-FRA"]
[PlyCount "79"]
[EventDate "1999.04.01"]

1.e4 e6 2.d4 d5 3.e5 c5 4.c3 Nc6 5.Be3 Nge7 6.Nf3 Nf5 7.Bd3 cxd4 8.cxd4 
Nxe3 9.fxe3 Be7 10.Nc3 f6 11.O-O O-O 12.exf6 Bxf6 13.Qc2 g6 14.Bxg6 hxg6 
15.Qxg6+ Kh8 16.Nh4 Bd7 17.Rf4 Bg7 18.Raf1 Rxf4 19.Rxf4 Ne7 20.Qh5+ Kg8 
21.Qf7+ Kh7 22.Qh5+ Kg8 23.Qf7+ Kh7 24.Nf3 Nf5 25.Ne5 Qe8 26.Qxd7 Qxd7 27.
Nxd7 Bh6 28.Nf6+ Kg6 29.Nfxd5 exd5 30.Rf3 Nxe3 31.Kf2 Ng4+ 32.Kg3 Nf6 33.
h4 Ne4+ 34.Kh3 Nxc3 35.Rxc3 Bg7 36.Rg3+ Kh7 37.Rd3 Re8 38.Rb3 b6 39.Rd3 
Re4 40.g4 0-1

[Event "XIX Mitropa Cup"]
[Site "Baden SUI"]
[Date "1999.04.03"]
[Round "3.2"]
[White "Stangl, Markus"]
[Black "D'Amore, Carlo"]
[Result "1/2-1/2"]
[WhiteElo "2545"]
[BlackElo "2460"]
[Annotator "ITA-GER"]
[PlyCount "50"]
[EventDate "1999.04.01"]

1.Nf3 Nf6 2.c4 g6 3.g3 Bg7 4.Bg2 c6 5.d4 d5 6.Qb3 dxc4 7.Qxc4 Be6 8.Qa4 
Ne4 9.O-O Nd7 10.Nc3 Nxc3 11.bxc3 Bd5 12.Re1 Be4 13.Ba3 O-O 14.Qb4 c5 15.
dxc5 Bc6 16.Nd4 Bxg2 17.Kxg2 Qc7 18.Rab1 Rab8 19.Nb5 Qc6+ 20.e4 Ne5 21.
Red1 a6 22.Na7 Qe6 23.c6 Nxc6 24.Nxc6 Qxc6 25.f3 b5 1/2-1/2

[Event "XIX Mitropa Cup"]
[Site "Baden SUI"]
[Date "1999.04.03"]
[Round "3.3"]
[White "Bellini, Fabio"]
[Black "Kindermann, Stefan E.S."]
[Result "1/2-1/2"]
[WhiteElo "2418"]
[BlackElo "2541"]
[Annotator "ITA-GER"]
[PlyCount "69"]
[EventDate "1999.04.01"]

1.e4 e6 2.d4 d5 3.exd5 exd5 4.Nf3 Bg4 5.Be3 Nc6 6.h3 Bh5 7.a3 Bd6 8.c4 
dxc4 9.Bxc4 Nge7 10.Nc3 Nf5 11.O-O O-O 12.g4 Nxe3 13.fxe3 Bg6 14.h4 Qd7 
15.Ng5 Be7 16.Nce4 Bxg5 17.Nxg5 Qe7 18.Qf3 h6 19.h5 Qxg5 20.hxg6 Qxg6 21.
Qf5 Qd6 22.Bxf7+ Kh8 23.Qf4 Qe7 24.Rac1 Rad8 25.g5 Rxf7 26.Qxf7 Qxe3+ 27.
Qf2 Qxg5+ 28.Qg2 Qe3+ 29.Qf2 Qg5+ 30.Qg2 Qh4 31.d5 Qd4+ 32.Kh1 Qh4+ 33.Kg1
Qd4+ 34.Kh1 Qh4+ 35.Kg1 1/2-1/2

[Event "XIX Mitropa Cup"]
[Site "Baden SUI"]
[Date "1999.04.03"]
[Round "3.4"]
[White "Naumann, Alexander"]
[Black "Genocchio, Daniele"]
[Result "1-0"]
[WhiteElo "2480"]
[BlackElo "2247"]
[Annotator "ITA-GER"]
[PlyCount "63"]
[EventDate "1999.04.01"]

1.Nf3 f5 2.d3 d6 3.e4 e5 4.Nc3 Nf6 5.exf5 Bxf5 6.d4 e4 7.Nh4 Be6 8.d5 Bf7 
9.Nf5 c6 10.dxc6 bxc6 11.Bf4 d5 12.Qd4 Nbd7 13.Ba6 Bc5 14.Nd6+ Ke7 15.Nf5+
Ke8 16.Bd6 Qb6 17.Bxc5 Qxc5 18.Bb7 Qxd4 19.Nxd4 Rb8 20.Bxc6 Rxb2 21.Bb5 a6
22.Bxa6 Rb6 23.Bb5 Ke7 24.a4 Kd6 25.a5 Rbb8 26.a6 Kc5 27.Nb3+ Kb6 28.a7 
Ra8 29.Rb1 Kb7 30.Na5+ Kc7 31.Bc6 Nc5 32.Nb5+ 1-0

[Event "XIX Mitropa Cup"]
[Site "Baden SUI"]
[Date "1999.04.04"]
[Round "4.1"]
[White "Polak, Tomas"]
[Black "Borgo, Giulio"]
[Result "1-0"]
[WhiteElo "2488"]
[BlackElo "2448"]
[Annotator "ITA-CZE"]
[PlyCount "79"]
[EventDate "1999.04.01"]

1.d4 d5 2.c4 e6 3.Nc3 c6 4.Nf3 Nf6 5.e3 Nbd7 6.Qc2 Bd6 7.e4 Nxe4 8.Nxe4 
dxe4 9.Qxe4 c5 10.Bg5 Qa5+ 11.Bd2 Qc7 12.Bc3 Nf6 13.Qh4 cxd4 14.Qxd4 O-O 
15.Rd1 Rd8 16.Bd3 e5 17.Qh4 h6 18.O-O Bg4 19.Rde1 Re8 20.Nd2 Rad8 21.h3 
Bc8 22.Re3 Kf8 23.Rfe1 Bc5 24.Rf3 Bd4 25.Bb4+ Bc5 26.Bxc5+ Qxc5 27.Ne4 
Nxe4 28.Qxe4 f6 29.Ree3 Be6 30.Rg3 f5 31.Qxe5 Qxe5 32.Rxe5 f4 33.Rf3 g5 
34.Bg6 Rd1+ 35.Kh2 Re7 36.Rd3 Rf1 37.Rd6 Bf7 38.Rd8+ Kg7 39.Rxe7 Kxg6 40.
Rd6+ 1-0

[Event "XIX Mitropa Cup"]
[Site "Baden SUI"]
[Date "1999.04.04"]
[Round "4.2"]
[White "Arlandi, Ennio"]
[Black "Konopka, Michal"]
[Result "1/2-1/2"]
[WhiteElo "2445"]
[BlackElo "2480"]
[Annotator "ITA-CZE"]
[PlyCount "94"]
[EventDate "1999.04.01"]

1.d4 Nf6 2.c4 g6 3.Nc3 d5 4.cxd5 Nxd5 5.Bd2 Bg7 6.e4 Nb6 7.Be3 O-O 8.Be2 
Nc6 9.Nf3 Bg4 10.d5 Bxf3 11.gxf3 Na5 12.Bd4 Qd6 13.Bxg7 Kxg7 14.Qd2 Qf6 
15.b3 Rfd8 16.Rc1 e6 17.Nb5 Nc6 18.Nxc7 Rac8 19.Ne8+ Rxe8 20.dxc6 Rxc6 21.
Rxc6 bxc6 22.O-O Rd8 23.Qc1 e5 24.Rd1 Rxd1+ 25.Qxd1 Qg5+ 26.Kf1 Qh4 27.Kg2
Qe7 28.Qc1 Qd6 29.Kg3 Nd7 30.Qd1 Qxd1 31.Bxd1 Nf6 32.Kg2 Nh5 33.b4 Nf4+ 
34.Kf1 Ne6 35.Ke2 Kf6 36.Kd3 Ke7 37.Ba4 Kd6 38.Bb3 Nf4+ 39.Ke3 f6 40.Bc4 
c5 41.a3 Kc6 42.Kd2 g5 43.Ke3 Kb6 44.Kd2 Ng6 45.Bf7 Nf8 46.Kc3 Nd7 47.Kc4 
cxb4 1/2-1/2

[Event "XIX Mitropa Cup"]
[Site "Baden SUI"]
[Date "1999.04.04"]
[Round "4.3"]
[White "Jirovsky, Milos"]
[Black "D'Amore, Carlo"]
[Result "1-0"]
[WhiteElo "2459"]
[BlackElo "2460"]
[Annotator "ITA-CZE"]
[PlyCount "83"]
[EventDate "1999.04.01"]

1.Nf3 Nf6 2.c4 g6 3.g3 Bg7 4.Bg2 c6 5.O-O O-O 6.d4 d5 7.Qb3 dxc4 8.Qxc4 
Be6 9.Qa4 Qb6 10.Nc3 Na6 11.Rd1 Rfd8 12.Ng5 Bd7 13.Qc4 Be8 14.b3 Qa5 15.
Bd2 b5 16.Qd3 b4 17.Na4 h6 18.Nf3 c5 19.a3 Rac8 20.Nb2 Bb5 21.Nc4 Bxc4 22.
Qxc4 cxd4 23.axb4 Qxa1 24.Rxa1 Rxc4 25.bxc4 Nb8 26.Rxa7 Ne4 27.Rxe7 Nc3 
28.Bf1 Nd7 29.Bh3 Nb6 30.Rc7 Nxe2+ 31.Kf1 d3 32.b5 Ra8 33.c5 Ra1+ 34.Kg2 
Nc4 35.b6 Be5 36.Nxe5 Nxd2 37.f3 Ne4 38.fxe4 Ra2 39.b7 Nd4+ 40.Kh1 Ra1+ 
41.Kg2 Ra2+ 42.Kf1 1-0

[Event "XIX Mitropa Cup"]
[Site "Baden SUI"]
[Date "1999.04.04"]
[Round "4.4"]
[White "Bellini, Fabio"]
[Black "Cvek, Robert"]
[Result "1/2-1/2"]
[WhiteElo "2418"]
[BlackElo "2442"]
[Annotator "ITA-CZE"]
[PlyCount "60"]
[EventDate "1999.04.01"]

1.d4 Nf6 2.Bg5 g6 3.Bxf6 exf6 4.g3 h5 5.h4 d5 6.Bg2 c6 7.e3 Bh6 8.Nd2 O-O 
9.Bf3 Re8 10.Kf1 Nd7 11.Ne2 f5 12.Kg2 Nf6 13.c4 dxc4 14.Nxc4 Be6 15.Rc1 
Bd5 16.Nf4 Be4 17.Ne5 Bxf4 18.gxf4 Qd5 19.b3 a5 20.Rc5 Qe6 21.Nc4 Nd7 22.
Rxa5 b5 23.Rxa8 Rxa8 24.Ne5 Rxa2 25.Rh3 Nxe5 26.dxe5 Rb2 27.Bxe4 fxe4 28.
Rg3 Kh7 29.Rg5 Qxb3 30.Rxh5+ gxh5 1/2-1/2

[Event "XIX Mitropa Cup"]
[Site "Baden SUI"]
[Date "1999.04.05"]
[Round "5.1"]
[White "Borgo, Giulio"]
[Black "Almasi, Zoltan"]
[Result "0-1"]
[WhiteElo "2448"]
[BlackElo "2665"]
[Annotator "ITA-HUN"]
[PlyCount "79"]
[EventDate "1999.04.01"]

1.e4 c5 2.Nf3 d6 3.d4 Nf6 4.dxc5 Qa5+ 5.Bd2 Qxc5 6.Bd3 g6 7.O-O Bg7 8.c4 
Bg4 9.Bc3 Bxf3 10.Qxf3 Nc6 11.Nd2 O-O 12.Rac1 Nd7 13.Nb1 Nb4 14.a3 Bxc3 
15.axb4 Bxb4 16.Be2 Qd4 17.Nc3 Bxc3 18.Rxc3 Qd2 19.Rd1 Qxb2 20.Rb3 Qe5 21.
Rxb7 Nc5 22.Rc7 Rfc8 23.Rd5 Qa1+ 24.Rd1 Qxd1+ 25.Bxd1 Rxc7 26.e5 Rd8 27.
exd6 Rxd6 28.Qa8+ Kg7 29.Bf3 Rd4 30.Be2 e5 31.h4 h5 32.Qb8 Ne6 33.g3 a5 
34.Qb6 Rc5 35.Kg2 e4 36.Kf1 Rd2 37.Ke1 Rd7 38.Bf1 Re5 39.Qc6 Nc5 40.Be2 
0-1

[Event "XIX Mitropa Cup"]
[Site "Baden SUI"]
[Date "1999.04.05"]
[Round "5.2"]
[White "Sax, Gyula"]
[Black "Arlandi, Ennio"]
[Result "1-0"]
[WhiteElo "2524"]
[BlackElo "2445"]
[Annotator "ITA-HUN"]
[PlyCount "63"]
[EventDate "1999.04.01"]

1.e4 c6 2.d4 d5 3.e5 Bf5 4.Nc3 Qb6 5.Bd3 Bxd3 6.Qxd3 e6 7.Nge2 Qa6 8.Qh3 
Nd7 9.O-O c5 10.Be3 Ne7 11.dxc5 Nc6 12.a3 Ncxe5 13.b4 Qc4 14.f4 Nc6 15.
Rad1 Nf6 16.f5 e5 17.Bg5 d4 18.Bxf6 dxc3 19.Bxg7 Bxg7 20.f6 Bxf6 21.Rxf6 
Rd8 22.Rxd8+ Nxd8 23.Qe3 Ne6 24.Qxe5 O-O 25.Rf3 Rd8 26.Rxc3 Qa2 27.h3 Qb1+
28.Kh2 Rd1 29.Ng3 Re1 30.Qf6 Qa1 31.b5 Re3 32.Nf5 1-0

[Event "XIX Mitropa Cup"]
[Site "Baden SUI"]
[Date "1999.04.05"]
[Round "5.3"]
[White "Bellini, Fabio"]
[Black "Varga, Zoltan"]
[Result "1/2-1/2"]
[WhiteElo "2418"]
[BlackElo "2518"]
[Annotator "ITA-HUN"]
[PlyCount "63"]
[EventDate "1999.04.01"]

1.e4 Nf6 2.e5 Nd5 3.Nc3 Nb6 4.d4 d6 5.Nf3 Bg4 6.h3 Bf5 7.Bd3 Bxd3 8.Qxd3 
e6 9.exd6 Bxd6 10.Ne4 h6 11.O-O O-O 12.c4 Be7 13.b3 N8d7 14.Bb2 a5 15.Rad1
c6 16.Qe3 Nf6 17.d5 Nxe4 18.dxe6 Nd6 19.Ne5 Qc7 20.c5 Nd5 21.Rxd5 cxd5 22.
cxd6 Bxd6 23.exf7+ Rxf7 24.Nxf7 Qxf7 25.Rd1 Re8 26.Qd3 Bc5 27.Bd4 Bxd4 28.
Qxd4 Re4 29.Qd3 a4 30.g3 axb3 31.axb3 Re5 32.Kg2 1/2-1/2